| 000 | 00343nam a22001457a 4500 | ||
|---|---|---|---|
| 020 | _a81-8423-237-3 | ||
| 082 |
_a894.812.3 _bNAR/S |
||
| 100 | _aNARAYANAPILLA, M.P | ||
| 245 | _aMALAYALATHINTE SUVARNNA KATHAKAL | ||
| 260 |
_aTHRISSUR _bGREEN BOOKS PRIVATE LIMITED _c2013 |
||
| 300 | _a144 | ||
| 520 | _aNOVEL | ||
| 650 | _aNOVEL | ||
| 942 | _cBK | ||
| 999 |
_c5064 _d5064 |
||